000 00500cam a2200169 4500500
005 20260405003159.0
041 _afre
042 _adc
100 1 0 _aGoron, Gaëtan
_eauthor
245 0 0 _aphilocroisés #65
260 _c2020.
500 _a34
690 _aJeu
690 _aMots croisés
786 0 _nPhilosophie magazine | 144 | 11 | 2020-11-01 | p. 101-101 | 1951-1787
856 4 1 _uhttps://shs.cairn.info/magazine-philosophie-magazine-2020-11-page-101?lang=fr&redirect-ssocas=7080
999 _c2065097
_d2065097